000 00215nam a22000857a 4500
008 161125b xxu||||| |||| 00| 0 eng d
100 _91433
_aVerma.R.
245 _aCCE Science-X(T-II)
260 _aNew Delhi
_bS. Chand
_c2012
999 _c4155
_d4155